1878 1793 1821 1463 1238 1782 1174 1239 1332 1024 1812 1811 1524 1806 1344 1511 1856 1343 1138 1532 1689 1611 1252 1105 1571 1567 1470 1035 1342 1877 1642 1909 1692 1173 1057 1207 1019 1609 1669 1856 1844 1622 1800 1307 1499 1829 1571 1637 1989 1093 1515 1792 1118 1807 1114 1026 1085 1271 1306 1027 1761 1945 1593 1595 1392 1627 1989 1442 1819 1893 1911 1890 1567 1881 1739 1678 1763 1832 1204 1937 1115 1503 1982 1210 1192 1732 1022 1098 1783 1463 1886 1021 1763 1005 1280 1563 1506 1499 1010 BCNSPRNW ULIB Ver.6.0+V

เปลี่ยนเป็นภาษาไทย

Change to English
 แสดงรายละเอียดบรรณานุกรม
  กลับหน้าหลัก

Brief Record : Get Marc (ISO 2709) : E-mail record : QR code < ปิดหน้าต่าง
LEADER : 00000nam 2200000uu 4500
001    13399122113
003     ULIB
008    121227s2551||||th 000 0 tha d
020    ^a9789741383696
090    ^aนว.^bพ626จ
100 0  ^aพาสเวิร์ด
245 00 ^aเจ้าหัวใจทะเลทราย/^cพาสเวิร์ด
250    ^aพิมพ์ครั้งที่ 3
260    ^aกรุงเทพฯ :^bอักษรศาสตร์ พับลิเคชั่น,^c2551
300    ^a267 หน้า
945    ^p229^l0^i023613
995    ^aวิภา
999 ^a ใช้งานได้ทุกระบบ
รายการนี้ยังไม่มีแท็ก
คุณยังไม่ได้ล็อกอิน คุณสามารถมีกิจกรรมร่วมกับเว็บไซต์ได้ แต่ต้องล็อกอินก่อน ::
  ล็อกอิน

รายการสื่อสารสนเทศ

ลำดับที่ ประเภท เลขเรียก/บาร์โค้ด สถานที่ สถานะ
1. นวนิยาย
นวนิยาย
นว. พ626จ  
  Barcode: 023613
ห้องสมุดวิทยาเขตสวรรค์ประชารักษ์
►นวนิยาย
ถูกยืม กำหนดส่งวันที่ 5 ธันวาคม 2561
  จอง

รายการใกล้เคียง
    ผู้แต่ง [พาสเวิร์ด]

BibComment


ยังไม่เคยถูกคอมเมนท์

คอมเมนท์ทรัพยากรรายการนี้
  คอมเมนท์: เจ้าหัวใจทะเลทรา..


 Copyright 2026. Bcnsprnw @Library